Sources of Chinese tradition / (Record no. 220)
[ view plain ]
| 000 -LEADER | |
|---|---|
| fixed length control field | 00918nam a2200205 a 4500 |
| 008 - FIXED-LENGTH DATA ELEMENTS--GENERAL INFORMATION | |
| fixed length control field | 051214s1960 nyuab b 000 0 eng |
| 020 ## - INTERNATIONAL STANDARD BOOK NUMBER | |
| International Standard Book Number | 0231086032 ;USD8.98. |
| 100 1# - MAIN ENTRY--PERSONAL NAME | |
| Personal name | De Bary, William Theodore, |
| Dates associated with a name | 1919- |
| 245 10 - TITLE STATEMENT | |
| Title | Sources of Chinese tradition / |
| Statement of responsibility, etc | compiled by Wm. Theodore de Bary, Wing-tsit Chan [and] Burton Watson. With contributions by Yi-pao Mei [and others] |
| 260 ## - PUBLICATION, DISTRIBUTION, ETC. (IMPRINT) | |
| Place of publication, distribution, etc | New York : |
| Name of publisher, distributor, etc | Columbia University Press, |
| Date of publication, distribution, etc | 1960. |
| 300 ## - PHYSICAL DESCRIPTION | |
| Extent | xxiv, 976 p. : |
| Other physical details | ill., maps. |
| Dimensions | 24 cm. |
| 490 10 - SERIES STATEMENT | |
| Series statement | Records of civilization: sources and studies, |
| Volume number/sequential designation | 55. |
| Series statement | Introduction to Oriental civilizations |
| 500 ## - GENERAL NOTE | |
| General note | Translations from various sources and by various individuals. |
| 504 ## - BIBLIOGRAPHY, ETC. NOTE | |
| Bibliography, etc | Bibliography: p. [949]-956. |
| 590 ## - LOCAL NOTE (RLIN) | |
| Local note | In English. |
| 651 #4 - SUBJECT ADDED ENTRY--GEOGRAPHIC NAME | |
| Geographic name | China |
| General subdivision | Civilization |
| -- | Sources. |
| 830 #0 - SERIES ADDED ENTRY--UNIFORM TITLE | |
| Uniform title | Introduction to Oriental civilizations. |
| 830 #0 - SERIES ADDED ENTRY--UNIFORM TITLE | |
| Uniform title | Records of civilization, sources and studies ; |
| Volume number/sequential designation | 55. |
| 541 ## - IMMEDIATE SOURCE OF ACQUISITION NOTE | |
| Accession number | 35190 |
| Withdrawn status | Lost status | Source of classification or shelving scheme | Damaged status | Not for loan | Home library | Current library | Shelving location | Date acquired | Total Checkouts | Full call number | Date last seen | Price effective from | Koha item type | Accession number | Copy number |
|---|---|---|---|---|---|---|---|---|---|---|---|---|---|---|---|
| Library of Congress Classification | BSOP Library | BSOP Library | Special Collections English | 06/29/2012 | DS703 D35s | 02/23/2013 | 02/23/2013 | Books | |||||||
| Library of Congress Classification | BSOP Library | BSOP Library | Special Collections English | 07/30/2012 | DS703 D35s | 02/23/2013 | 02/23/2013 | Books | 35190 | c.2 |
